000 00685cab a2200217 4500
001 ABS40212
008 090401t1989 xxu||||| |||| 00| 0 eng d
035 _a(Sirsi) u22204
041 _aeng
100 _aMcKinney, D.
245 _aDruid tackles the monolith
260 _c1989
350 _a0
490 _aBuilding
_v254(7580) 13 January 1989, 46-37(2)
520 _aDescribes how a computer system, Druid CAD is being used in the transformation of Battersea Power Station into a theme park .
650 _aCAD
650 _aBUILT ENVIRONMENT-BUILDING MAINTENANCE AND REFURBISHMENT
690 _aBUILDING AND CONSTRUCTION-COMPUTERS
942 _n0
948 _c04/03/1997
999 _c14871
_d14871